000 00511nam a22001937a 4500
003 MPLRDC
005 20220104185448.0
008 210129b ||||| |||| 00| 0 eng d
020 _a988-18349-4-2
082 _a805.178 ZJN
100 _aMICHAEL CHUGANI 褚简宁
245 _a不中不英3
_c陶杰评注; 唐明等译
250 _a初版
260 _a香港
_bCUP MAGAZINE PUBLISHING LTD.
_c2009
300 _b
490 _aOOPS!. 43
650 _a香港时事评论
942 _cBK
_o805.178 ZJN
999 _c63340
_d63330